Nomenclature for hazard and risk assessment in the process industries /

Guardado en:
Otros Autores: Jones, D. A. (Editor , ed.)
Formato: Libro
Idioma:English
Publicado: Rugby, Warwickshire, UK : Institution of Chemical Engineers, 1992.
Edición:2nd ed.
Materias:
Etiquetas: Agregar Etiqueta
Sin Etiquetas, Sea el primero en etiquetar este registro!
LEADER 00932nam a22002415a 4500
001 EIQ.libpla002966
008 921015s1992####enk######b####001#0#eng#d
005 20070925195817.0
245 0 0 |a Nomenclature for hazard and risk assessment in the process industries /  |c D.A. Jones (editor). 
250 |a 2nd ed. 
260 |a Rugby, Warwickshire, UK :  |b Institution of Chemical Engineers,  |c 1992. 
300 |a 43 p. ;  |c 21 cm. 
504 |a Incluye referencias bibliográficas (p. 39-40) e índice. 
020 |a 085295297X 
700 1 |a Jones, D. A.  |q (David A.),  |e ed.  |4 edt 
082 0 0 |a 660/.2804/014  |2 20 
650 4 |a Fábrica de productos químicos  |x Gravamen de riesgo. 
650 4 |a Fábrica de productos químicos  |x Terminología. 
650 4 |a Chemical plants  |x Terminology. 
650 4 |a Chemical plants  |x Risk assessment. 
010 |a  92227786  
040 |a DLC  |c DLC  |d AR-BbSID 
859 |a AR-BbSID  |b BIB. PLAPIQUI  |h 660.280 4  |i N 728  |p 5313